| 000 | 01225nam a2200337 i 4500 | ||
|---|---|---|---|
| 003 | EG-GICUC | ||
| 005 | 20260221080607.0 | ||
| 008 | 260221s1996 -uk fr|||| 00| 0 eng d | ||
| 020 | _a1889001015 | ||
| 040 |
_aEG-GiCUC _beng _cEG-GiCUC _dEG-GiCUC _erda |
||
| 041 | 0 | _aeng | |
| 082 | 0 | 4 |
_221 _a341.630497 _bCH . S |
| 092 | 0 | 4 | _221 |
| 099 | _aLaw1 11 341.630497 CH . S 1996 | ||
| 100 | 0 |
_aCherif Bassiouni _eAuthor. |
|
| 245 | 0 | 4 |
_aSexual Violence : _bAn Invisible Weapon of War in the Former Yugoslavia / _cby M. Cherif Bassiouni, And Marcia Mccormick. |
| 264 | 1 |
_aChicago : _bInternational Human Rights Law Institute Depaul University College Of Law , _c1996. |
|
| 300 |
_a47 pages, _c21 cm _billustrations, |
||
| 336 |
_2rda content _atext |
||
| 337 |
_2rda media _aComputer |
||
| 338 |
_2rda carrier _aOnline Resource |
||
| 504 | _aIncludes bibliographical references. | ||
| 546 | _aText in English | ||
| 590 | _aإهداء مكتبة الأستاذ الدكتور صلاح عامر | ||
| 650 | 1 | 4 |
_aPublic international law _2 |
| 651 | 1 | _2 | |
| 700 | 1 |
_aMccormick, Marcia _ejoint author. |
|
| 856 | 4 | 0 | _uhttps://fll.law.cu.edu.eg/fulltext/bks/B11-08079.pdf |
| 905 | _a48 | ||
| 942 |
_2ddc _cBK _e21 _n0 |
||
| 999 |
_c63921 _d63921 |
||